Name Five Letter Words Containing Random Letter Sequences - Statistics

General Stats
  • This quiz has been taken 3,970 times
  • The average score is 34 of 50
Answers on the Map
Answers color-coded by a green-red scale on the quiz's map according to % correct below.
 
Answer Stats
Letters % Correct
LAM
96%
LIE
96%
AGE
94%
AGE
94%
DR
93%
LLS
93%
HU
92%
SM
92%
UNG
92%
CUR
91%
PUR
91%
STU
91%
ARK
90%
END
90%
LE
90%
PAN
90%
SO
90%
STO
90%
UR
90%
VE
90%
VER
90%
WIS
90%
BA
89%
CHI
89%
IV
89%
KIN
89%
OG
89%
PO
89%
RIT
89%
SCA
89%
UNK
89%
ANG
88%
EA
88%
EN
88%
KEE
88%
LF
88%
OR
88%
PA
88%
PR
88%
SP
88%
STE
88%
TS
88%
WH
88%
ACE
87%
ACH
87%
AV
87%
BO
87%
HON
87%
IN
87%
INS
87%
ITE
87%
LT
87%
MB
87%
NGO
87%
OUT
87%
PY
87%
SLU
87%
TE
87%
ALO
86%
ANE
86%
AR
86%
CHI
86%
CHU
86%
CK
86%
DE
86%
DEA
86%
DRA
86%
ED
86%
EW
86%
FRA
86%
ITT
86%
LAR
86%
LIN
86%
LK
86%
LOP
86%
NO
86%
OBO
86%
OD
86%
QU
86%
SE
86%
SPO
86%
SW
86%
UT
86%
VE
86%
WOR
86%
AW
85%
BU
85%
EWS
85%
FL
85%
GR
85%
IE
85%
IRT
85%
RES
85%
SK
85%
TT
85%
US
85%
WE
85%
WI
85%
AC
84%
AME
84%
BA
84%
BL
84%
CR
84%
CRO
84%
EP
84%
GE
84%
HOS
84%
ING
84%
IS
84%
KY
84%
LAC
84%
LON
84%
LU
84%
NKY
84%
PES
84%
PI
84%
RTS
84%
SA
84%
ST
84%
STI
84%
US
84%
WE
84%
ABO
83%
AM
83%
AP
83%
ARR
83%
ATS
83%
AZE
83%
BAL
83%
BLE
83%
COA
83%
CT
83%
DE
83%
EA
83%
EEN
83%
FE
83%
FF
83%
FO
83%
FU
83%
GAL
83%
GRE
83%
HU
83%
HY
83%
IC
83%
IL
83%
IL
83%
IM
83%
IR
83%
LO
83%
MAN
83%
NGS
83%
OA
83%
OAT
83%
OUP
83%
PAS
83%
PE
83%
POR
83%
RA
83%
REA
83%
REB
83%
RM
83%
UDE
83%
VO
83%
BLU
82%
BR
82%
ED
82%
EL
82%
ES
82%
GOT
82%
HAR
82%
HO
82%
HO
82%
IC
82%
IMS
82%
KS
82%
LID
82%
LLY
82%
ND
82%
OKE
82%
PP
82%
RAP
82%
RIG
82%
RIM
82%
SC
82%
SHE
82%
SO
82%
SY
82%
TRU
82%
UC
82%
USK
82%
AM
81%
AR
81%
ARE
81%
ARM
81%
CK
81%
CK
81%
CU
81%
DE
81%
EN
81%
ENT
81%
FE
81%
GA
81%
GLE
81%
GR
81%
GY
81%
HIN
81%
IP
81%
IR
81%
JA
81%
KI
81%
LL
81%
LY
81%
NE
81%
OGS
81%
OO
81%
OP
81%
OUS
81%
OW
81%
PEN
81%
PI
81%
QU
81%
RGE
81%
RO
81%
ROS
81%
RY
81%
SL
81%
SLE
81%
SLO
81%
SOR
81%
TU
81%
TWI
81%
UCK
81%
UL
81%
UNT
81%
US
81%
VES
81%
VIS
81%
VO
81%
WI
81%
ACK
80%
AD
80%
ARE
80%
ASS
80%
BR
80%
CA
80%
CKS
80%
DIC
80%
IN
80%
IT
80%
IVE
80%
LEA
80%
LO
80%
LS
80%
LT
80%
LY
80%
MA
80%
MI
80%
MIN
80%
NES
80%
NGE
80%
ODE
80%
OG
80%
OK
80%
OM
80%
ORM
80%
OX
80%
QUE
80%
RAD
80%
RIN
80%
SE
80%
SI
80%
SLI
80%
TIC
80%
UL
80%
ULE
80%
UMB
80%
WN
80%
AD
79%
AL
79%
AXI
79%
BA
79%
BO
79%
CAR
79%
CU
79%
DI
79%
DIT
79%
DO
79%
DOL
79%
ECK
79%
EEL
79%
ELD
79%
ENN
79%
FO
79%
GH
79%
GON
79%
HIL
79%
HO
79%
IC
79%
INE
79%
INK
79%
INK
79%
IPE
79%
JI
79%
KE
79%
KI
79%
LD
79%
LOG
79%
NA
79%
NG
79%
NI
79%
NI
79%
NTS
79%
NY
79%
OC
79%
OF
79%
ONE
79%
OO
79%
OOM
79%
OPS
79%
OS
79%
OT
79%
PAR
79%
PR
79%
PS
79%
RIS
79%
RK
79%
RUM
79%
SKE
79%
SL
79%
SOL
79%
ST
79%
STR
79%
SUR
79%
TAB
79%
TAR
79%
TIN
79%
UB
79%
WEL
79%
WS
79%
AF
78%
AID
78%
AT
78%
AWN
78%
BI
78%
BIT
78%
BRU
78%
CA
78%
CL
78%
DO
78%
DR
78%
DS
78%
EAR
78%
EC
78%
EC
78%
ELL
78%
ER
78%
FLE
78%
FS
78%
GHT
78%
GS
78%
HE
78%
HUM
78%
IAL
78%
ICK
78%
ICK
78%
IF
78%
ILL
78%
IVE
78%
KE
78%
KS
78%
KS
78%
LL
78%
MA
78%
MES
78%
MOT
78%
NG
78%
OCK
78%
OOD
78%
OT
78%
OTH
78%
OW
78%
PH
78%
PL
78%
RA
78%
RIC
78%
RIL
78%
RIS
78%
ROO
78%
RS
78%
ST
78%
UNC
78%
UST
78%
VAL
78%
WAI
78%
YO
78%
ZOO
78%
AB
77%
AGS
77%
AIN
77%
AKE
77%
AN
77%
AR
77%
ART
77%
AVE
77%
BAN
77%
BRA
77%
BRI
77%
CAP
77%
CLI
77%
CO
77%
CON
77%
COO
77%
DEN
77%
DY
77%
FER
77%
FL
77%
FL
77%
FR
77%
FR
77%
FR
77%
GU
77%
GUL
77%
HAN
77%
HI
77%
IRE
77%
IRS
77%
JE
77%
JU
77%
KED
77%
LAN
77%
LK
77%
MAR
77%
MO
77%
ND
77%
NED
77%
NI
77%
NNY
77%
NOM
77%
NS
77%
NS
77%
OOT
77%
OTE
77%
OUG
77%
PO
77%
QU
77%
RL
77%
SES
77%
SH
77%
SKI
77%
SS
77%
SU
77%
TA
77%
TH
77%
THY
77%
UD
77%
ULL
77%
UN
77%
UNT
77%
URS
77%
VED
77%
WA
77%
WAR
77%
WIN
77%
WR
77%
AC
76%
AC
76%
AFF
76%
AP
76%
APP
76%
ASK
76%
AT
76%
AT
76%
AU
76%
AV
76%
AX
76%
BA
76%
BEL
76%
BOO
76%
BR
76%
BU
76%
CA
76%
CE
76%
CHO
76%
CRU
76%
DG
76%
DI
76%
ET
76%
EY
76%
GE
76%
GLO
76%
HAL
76%
ID
76%
IL
76%
IR
76%
JU
76%
LAS
76%
LAS
76%
LIN
76%
LLS
76%
LUM
76%
MAN
76%
ME
76%
MER
76%
NAL
76%
NC
76%
NE
76%
NGS
76%
NIC
76%
NIT
76%
NT
76%
OL
76%
OLT
76%
OMB
76%
OT
76%
OY
76%
PA
76%
PAT
76%
PER
76%
PRA
76%
PS
76%
RA
76%
RAN
76%
RES
76%
RIA
76%
RM
76%
RMS
76%
RN
76%
RO
76%
RR
76%
RU
76%
SA
76%
SK
76%
ST
76%
SW
76%
SWA
76%
TE
76%
TER
76%
TIL
76%
ULA
76%
UM
76%
UMP
76%
VI
76%
XE
76%
XE
76%
YE
76%
ZED
76%
AB
75%
AG
75%
ALE
75%
ALE
75%
AM
75%
ANT
75%
AS
75%
ASE
75%
AYS
75%
CAN
75%
COL
75%
CUT
75%
DDY
75%
EAL
75%
EDG
75%
EDS
75%
EE
75%
ERM
75%
GRI
75%
GS
75%
HA
75%
HU
75%
ID
75%
IG
75%
INE
75%
KI
75%
LA
75%
LD
75%
LIP
75%
LOS
75%
LT
75%
MI
75%
MU
75%
MU
75%
NA
75%
NG
75%
NKS
75%
OB
75%
OF
75%
OKE
75%
OM
75%
OOF
75%
OOL
75%
OR
75%
ORA
75%
OVE
75%
OW
75%
PIL
75%
PP
75%
PS
75%
RAK
75%
RAS
75%
RI
75%
RNS
75%
RRY
75%
SER
75%
SH
75%
TAL
75%
TCH
75%
TR
75%
UE
75%
UL
75%
UT
75%
WL
75%
WO
75%
XER
75%
ACK
74%
ADE
74%
AG
74%
AG
74%
AL
74%
ARO
74%
AU
74%
AUN
74%
AWS
74%
BL
74%
BO
74%
CLA
74%
CO
74%
DAL
74%
DER
74%
ED
74%
EPT
74%
ER
74%
ERK
74%
ESS
74%
ET
74%
FIR
74%
FT
74%
GO
74%
HED
74%
IA
74%
IDS
74%
IE
74%
ILT
74%
IM
74%
KES
74%
LOW
74%
LUE
74%
MA
74%
MUS
74%
MY
74%
NCE
74%
NK
74%
NT
74%
OMA
74%
OND
74%
ONI
74%
OON
74%
OU
74%
OU
74%
PEE
74%
PIN
74%
PL
74%
PR
74%
PU
74%
RA
74%
RAM
74%
RI
74%
RI
74%
RKY
74%
SED
74%
SEE
74%
SHI
74%
SPE
74%
SS
74%
ST
74%
SW
74%
TA
74%
TCH
74%
TH
74%
THE
74%
TI
74%
TR
74%
TR
74%
TY
74%
UR
74%
UR
74%
URI
74%
WEE
74%
WH
74%
AF
73%
ALI
73%
AND
73%
AU
73%
AV
73%
BI
73%
BIN
73%
BO
73%
BUS
73%
CH
73%
CL
73%
DEL
73%
DER
73%
DI
73%
DO
73%
DRE
73%
EE
73%
EEP
73%
EL
73%
ELT
73%
EN
73%
ENT
73%
ERN
73%
ESE
73%
ETH
73%
EW
73%
FS
73%
FS
73%
GE
73%
HAW
73%
HOL
73%
IND
73%
IP
73%
IS
73%
ISE
73%
JI
73%
LE
73%
LLO
73%
LLS
73%
LM
73%
LO
73%
LOO
73%
MB
73%
MES
73%
MS
73%
MUR
73%
NN
73%
OBE
73%
OI
73%
OO
73%
OS
73%
OSS
73%
OUL
73%
OV
73%
PE
73%
PPY
73%
RAT
73%
RE
73%
REA
73%
ROM
73%
RU
73%
RY
73%
SCR
73%
SI
73%
SS
73%
STY
73%
TA
73%
TA
73%
TAN
73%
TE
73%
UE
73%
UF
73%
UN
73%
URN
73%
WOO
73%
ZE
73%
AF
72%
AG
72%
AI
72%
AIL
72%
AMB
72%
ASE
72%
AYE
72%
BAT
72%
BE
72%
BL
72%
BON
72%
BUR
72%
CH
72%
CKS
72%
DE
72%
DU
72%
EE
72%
EER
72%
FF
72%
GE
72%
HAT
72%
HEA
72%
HI
72%
HIR
72%
HO
72%
IE
72%
JO
72%
KA
72%
KY
72%
LA
72%
LIM
72%
LIT
72%
MAC
72%
MBE
72%
MEN
72%
MO
72%
NT
72%
NTY
72%
OIN
72%
ONE
72%
OO
72%
OOK
72%
OOP
72%
OPE
72%
OTT
72%
OXE
72%
OY
72%
PAL
72%
PE
72%
PE
72%
RAC
72%
RAS
72%
RD
72%
RE
72%
REE
72%
RN
72%
RP
72%
RS
72%
RU
72%
RUB
72%
RV
72%
SON
72%
TE
72%
TW
72%
TY
72%
UKE
72%
VA
72%
WE
72%
WO
72%
XES
72%
XI
72%
YER
72%
ZES
72%
ZZ
72%
AD
71%
ADE
71%
AK
71%
ALK
71%
ANS
71%
APE
71%
AR
71%
AS
71%
AST
71%
AT
71%
ATE
71%
AVE
71%
BER
71%
BI
71%
CA
71%
CAL
71%
CE
71%
CER
71%
CR
71%
DA
71%
DAR
71%
DI
71%
DY
71%
EA
71%
EAR
71%
EAT
71%
EC
71%
ED
71%
EL
71%
EP
71%
ER
71%
ES
71%
EX
71%
EX
71%
FFS
71%
FIN
71%
FO
71%
GA
71%
GAS
71%
GOO
71%
GUE
71%
HT
71%
IBE
71%
IC
71%
IK
71%
IL
71%
IM
71%
IMB
71%
IP
71%
IR
71%
ISS
71%
IV
71%
IXE
71%
LAR
71%
LEN
71%
LI
71%
LOC
71%
MA
71%
MAS
71%
MBS
71%
MET
71%
MIL
71%
MS
71%
NER
71%
NES
71%
NI
71%
OC
71%
OD
71%
OGI
71%
OIL
71%
OK
71%
OME
71%
ONK
71%
OP
71%
OR
71%
ORA
71%
OTS
71%
OWE
71%
PER
71%
PI
71%
PIK
71%
PLA
71%
PO
71%
PRO
71%
RBS
71%
RE
71%
RI
71%
RKS
71%
ROA
71%
ROW
71%
RR
71%
SA
71%
SK
71%
SNA
71%
SY
71%
TED
71%
THO
71%
ULT
71%
UN
71%
UP
71%
VO
71%
WHO
71%
YE
71%
AI
70%
AL
70%
AMI
70%
ANG
70%
APE
70%
ARY
70%
AST
70%
AUD
70%
BB
70%
BOR
70%
BRA
70%
CAM
70%
CKS
70%
COM
70%
COS
70%
COU
70%
CRA
70%
CU
70%
CU
70%
DO
70%
EA
70%
EAN
70%
EAV
70%
EED
70%
EEK
70%
ELL
70%
EPS
70%
EV
70%
EY
70%
FRI
70%
FRO
70%
GL
70%
GLU
70%
GUS
70%
HA
70%
HY
70%
IDE
70%
ILE
70%
IST
70%
IV
70%
KE
70%
KS
70%
LA
70%
LI
70%
LI
70%
LOA
70%
LU
70%
LV
70%
MB
70%
MBO
70%
MI
70%
MOL
70%
NDS
70%
NK
70%
NTE
70%
OA
70%
OFF
70%
OI
70%
OL
70%
OM
70%
ON
70%
ON
70%
ONA
70%
OO
70%
ORK
70%
OS
70%
OWN
70%
PEL
70%
RB
70%
RET
70%
RL
70%
RO
70%
RON
70%
RU
70%
RY
70%
SE
70%
SNO
70%
SPI
70%
SSY
70%
SU
70%
SY
70%
TES
70%
TI
70%
TT
70%
TU
70%
UBA
70%
UD
70%
UGH
70%
UI
70%
URL
70%
URR
70%
UT
70%
VER
70%
VIL
70%
WS
70%
AIR
69%
AKE
69%
AL
69%
ALL
69%
ALL
69%
AM
69%
AME
69%
ARN
69%
AVA
69%
BAS
69%
BIR
69%
CAD
69%
CAS
69%
CH
69%
CO
69%
COR
69%
DON
69%
DOW
69%
EL
69%
ER
69%
ERT
69%
FA
69%
FF
69%
GU
69%
HAS
69%
HOO
69%
IFT
69%
IN
69%
IRL
69%
LA
69%
LAD
69%
LC
69%
LER
69%
LU
69%
MO
69%
MON
69%
ND
69%
NG
69%
NO
69%
NO
69%
NSE
69%
OFT
69%
OI
69%
OL
69%
OLD
69%
OLO
69%
ON
69%
ONS
69%
PO
69%
PU
69%
PU
69%
RAL
69%
ROL
69%
SA
69%
SH
69%
SIL
69%
SL
69%
SLA
69%
TOL
69%
TR
69%
TTY
69%
UM
69%
UMP
69%
URE
69%
WED
69%
WHE
69%
WN
69%
XT
69%
YA
69%
ZY
69%
AI
68%
AIL
68%
AK
68%
AN
68%
ANS
68%
AU
68%
CH
68%
CR
68%
DA
68%
DE
68%
DES
68%
DES
68%
DIS
68%
DRO
68%
DS
68%
DU
68%
EAD
68%
EB
68%
EIN
68%
EM
68%
ERS
68%
ES
68%
EST
68%
ET
68%
FE
68%
FI
68%
GH
68%
GO
68%
GRO
68%
HAM
68%
HOR
68%
IA
68%
ICE
68%
IEL
68%
IG
68%
IGH
68%
IL
68%
ILE
68%
ILS
68%
INE
68%
IO
68%
IS
68%
ITH
68%
IZE
68%
KES
68%
LAY
68%
LE
68%
LKS
68%
LL
68%
LOT
68%
LOU
68%
ME
68%
MO
68%
MOO
68%
MOR
68%
MOS
68%
MP
68%
MP
68%
NC
68%
NGA
68%
NIN
68%
OGG
68%
OLE
68%
OLL
68%
OMP
68%
ON
68%
ORE
68%
ORS
68%
OUN
68%
OUT
68%
OWS
68%
PES
68%
PIC
68%
PRE
68%
PRI
68%
RAI
68%
RAV
68%
REE
68%
REP
68%
RK
68%
ROT
68%
RPS
68%
SCO
68%
SHA
68%
SI
68%
SP
68%
SWI
68%
TI
68%
TO
68%
TO
68%
TS
68%
TS
68%
UM
68%
UTE
68%
WA
68%
WAN
68%
WI
68%
WO
68%
YA
68%
AB
67%
ADI
67%
AGA
67%
AL
67%
ANN
67%
ARD
67%
ASH
67%
ASP
67%
ATE
67%
AUL
67%
AWE
67%
BBY
67%
BI
67%
BLA
67%
BS
67%
CC
67%
CHA
67%
DA
67%
EAS
67%
EE
67%
ENA
67%
ER
67%
ETA
67%
EU
67%
EW
67%
EX
67%
FOR
67%
FT
67%
GAN
67%
GER
67%
GI
67%
GL
67%
HA
67%
HE
67%
ID
67%
IDE
67%
IER
67%
ILI
67%
IN
67%
IO
67%
ITE
67%
ITS
67%
IZ
67%
LAT
67%
LD
67%
LES
67%
LIC
67%
LUN
67%
MA
67%
ME
67%
MEL
67%
MIR
67%
MIS
67%
MMY
67%
MOU
67%
NA
67%
NAS
67%
NU
67%
OB
67%
OD
67%
OL
67%
ONS
67%
ORE
67%
ORN
67%
OST
67%
OU
67%
OV
67%
PIN
67%
RD
67%
RED
67%
RGO
67%
ROU
67%
RR
67%
RTH
67%
SET
67%
SHA
67%
SHO
67%
SKS
67%
SP
67%
SSE
67%
STA
67%
TAC
67%
TEE
67%
TRA
67%
TRE
67%
UC
67%
UDS
67%
UI
67%
UN
67%
UNA
67%
UPE
67%
URG
67%
US
67%
UTS
67%
VE
67%
VEL
67%
VEN
67%
ANC
66%
ANK
66%
AUR
66%
AW
66%
CI
66%
CO
66%
DUN
66%
EE
66%
EES
66%
GAM
66%
GL
66%
HY
66%
IED
66%
IFF
66%
IK
66%
ITA
66%
IX
66%
JE
66%
LES
66%
LI
66%
LO
66%
LS
66%
MIC
66%
NCH
66%
NOR
66%
OB
66%
OC
66%
ODS
66%
OID
66%
OS
66%
OU
66%
PED
66%
PIT
66%
POO
66%
PUL
66%
RA
66%
RD
66%
RE
66%
RST
66%
THI
66%
TS
66%
TZ
66%
UC
66%
ULS
66%
UMS
66%
VE
66%
WE
66%
XE
66%
YRE
66%
AFT
65%
AGO
65%
ARC
65%
ARS
65%
AW
65%
AY
65%
AZ
65%
AZE
65%
BE
65%
BEN
65%
CAR
65%
CHA
65%
CHE
65%
CLO
65%
DG
65%
DS
65%
EA
65%
EAM
65%
ED
65%
EDI
65%
EI
65%
ENE
65%
EP
65%
ERR
65%
FLA
65%
FLU
65%
GA
65%
GY
65%
HAD
65%
HI
65%
IA
65%
ID
65%
ING
65%
IRE
65%
IS
65%
IST
65%
KER
65%
KN
65%
LAN
65%
LLA
65%
LO
65%
LS
65%
LU
65%
LUS
65%
MAL
65%
MAS
65%
MIX
65%
ND
65%
NE
65%
NEE
65%
NS
65%
NT
65%
OCK
65%
OE
65%
PA
65%
PI
65%
PL
65%
POS
65%
PY
65%
RID
65%
RO
65%
SC
65%
SHY
65%
SKY
65%
SO
65%
STA
65%
TA
65%
TEN
65%
THS
65%
TI
65%
TO
65%
TY
65%
UB
65%
UCH
65%
UD
65%
UES
65%
ULK
65%
USH
65%
WH
65%
ABE
64%
ADO
64%
AK
64%
ALS
64%
AN
64%
AP
64%
APS
64%
ARS
64%
AS
64%
AT
64%
BAR
64%
BED
64%
BU
64%
CES
64%
CLE
64%
CRE
64%
CT
64%
CUL
64%
DS
64%
EL
64%
ELI
64%
EN
64%
FA
64%
FI
64%
GH
64%
HEE
64%
IE
64%
IF
64%
IG
64%
IKE
64%
ILL
64%
IS
64%
KO
64%
LET
64%
LKY
64%
LTS
64%
MID
64%
NON
64%
NTS
64%
NU
64%
OA
64%
OAS
64%
OLA
64%
ONY
64%
OOS
64%
OP
64%
OPE
64%
ORD
64%
ORT
64%
OS
64%
OSE
64%
OW
64%
PH
64%
PT
64%
RAG
64%
RAN
64%
RCH
64%
REC
64%
REN
64%
RIE
64%
ROS
64%
SAR
64%
SEL
64%
SN
64%
UI
64%
UME
64%
UP
64%
VA
64%
VI
64%
WER
64%
WLS
64%
XES
64%
ZI
64%
AB
63%
ACT
63%
ADD
63%
ADS
63%
AI
63%
AIS
63%
AMP
63%
AP
63%
ATE
63%
ATH
63%
BLO
63%
CE
63%
DD
63%
EAK
63%
ENS
63%
ERY
63%
ES
63%
EST
63%
ET
63%
EVE
63%
GEN
63%
GGY
63%
GO
63%
GR
63%
GY
63%
HA
63%
HAI
63%
HOT
63%
IO
63%
IRK
63%
IT
63%
IX
63%
JO
63%
LA
63%
LEE
63%
LI
63%
LP
63%
LUR
63%
MAT
63%
MPS
63%
NL
63%
NY
63%
OR
63%
PA
63%
PY
63%
RED
63%
RES
63%
RK
63%
ROC
63%
ROP
63%
RSE
63%
SEN
63%
SIN
63%
SN
63%
TER
63%
TRI
63%
TRO
63%
TUN
63%
TY
63%
UL
63%
US
63%
WA
63%
XED
63%
ZE
63%
AC
62%
ANE
62%
ANI
62%
ARE
62%
ATS
62%
AX
62%
BES
62%
DD
62%
DGE
62%
DR
62%
ECH
62%
EM
62%
ERE
62%
FFY
62%
FI
62%
FIL
62%
GA
62%
GI
62%
GRA
62%
HEM
62%
HUR
62%
IN
62%
INT
62%
ITS
62%
KA
62%
MED
62%
NES
62%
NKS
62%
NN
62%
NS
62%
OLS
62%
OX
62%
RIP
62%
RS
62%
RUG
62%
SCU
62%
SP
62%
UFF
62%
UR
62%
USE
62%
VY
62%
YE
62%
YL
62%
YS
62%
AD
61%
AGI
61%
ALA
61%
ALM
61%
AM
61%
AN
61%
AN
61%
AVI
61%
AY
61%
AY
61%
CL
61%
CR
61%
CY
61%
EI
61%
EO
61%
ES
61%
ETE
61%
EV
61%
HE
61%
HER
61%
IA
61%
IES
61%
IMI
61%
LS
61%
LY
61%
MER
61%
NEA
61%
NY
61%
OCH
61%
OD
61%
OK
61%
OL
61%
OP
61%
OR
61%
OT
61%
POL
61%
PS
61%
PUN
61%
RAY
61%
RED
61%
RLS
61%
RT
61%
RT
61%
SES
61%
SO
61%
STS
61%
TO
61%
UP
61%
UTT
61%
AMS
60%
ANO
60%
ARD
60%
BB
60%
BID
60%
EK
60%
EME
60%
FY
60%
GLA
60%
ING
60%
INT
60%
NK
60%
QUI
60%
RO
60%
SAB
60%
SAL
60%
SC
60%
SE
60%
SH
60%
SPU
60%
STS
60%
TE
60%
TEA
60%
TH
60%
VOL
60%
WHI
60%
ZA
60%
ACE
59%
API
59%
CI
59%
CK
59%
CUS
59%
DED
59%
DRI
59%
EBE
59%
EI
59%
FLO
59%
GED
59%
GG
59%
GI
59%
GN
59%
GU
59%
HEN
59%
HOW
59%
HR
59%
IF
59%
IK
59%
IMA
59%
INO
59%
ION
59%
KED
59%
LDS
59%
LE
59%
LEA
59%
LL
59%
ME
59%
MY
59%
OLE
59%
ON
59%
PT
59%
QUA
59%
RAW
59%
RC
59%
RG
59%
RI
59%
RN
59%
RT
59%
RUN
59%
UA
59%
UG
59%
UND
59%
USE
59%
WS
59%
YO
59%
AIT
58%
AJ
58%
ALT
58%
AMA
58%
ANT
58%
ATO
58%
AWL
58%
AXE
58%
BEA
58%
BRE
58%
BRO
58%
BUT
58%
CED
58%
ECA
58%
ELA
58%
EMI
58%
ENO
58%
FAR
58%
FU
58%
GES
58%
HA
58%
INS
58%
IT
58%
KA
58%
KE
58%
KY
58%
LAW
58%
LEP
58%
LY
58%
ME
58%
NE
58%
OE
58%
OG
58%
OV
58%
RAZ
58%
RE
58%
RIE
58%
STE
58%
TES
58%
TOP
58%
TOR
58%
TU
58%
USS
58%
UT
58%
VA
58%
VI
58%
WI
58%
YP
58%
ZE
58%
AR
57%
AZ
57%
EET
57%
ELE
57%
EN
57%
EXE
57%
FU
57%
GO
57%
HE
57%
IB
57%
IRO
57%
JA
57%
KEL
57%
LAI
57%
LIS
57%
OSE
57%
PAC
57%
RG
57%
TON
57%
TTS
57%
UE
57%
UG
57%
UM
57%
UNN
57%
WIT
57%
YI
57%
ZO
57%
ARL
56%
AZO
56%
BE
56%
BS
56%
COP
56%
CRI
56%
DU
56%
EG
56%
ERS
56%
EY
56%
FA
56%
FLI
56%
FTS
56%
INI
56%
LG
56%
LIA
56%
LLY
56%
MAI
56%
MY
56%
NE
56%
NIS
56%
OWL
56%
TEL
56%
UBE
56%
VAS
56%
XY
56%
YS
56%
ZA
56%
BS
55%
BU
55%
DOU
55%
ELO
55%
GAU
55%
IM
55%
IME
55%
IMP
55%
INC
55%
KO
55%
LE
55%
LES
55%
MP
55%
NA
55%
NK
55%
NO
55%
OWE
55%
PE
55%
RL
55%
TT
55%
UZ
55%
VE
55%
YA
55%
YL
55%
YS
55%
ARG
54%
AS
54%
BY
54%
BY
54%
CE
54%
DIN
54%
EF
54%
EF
54%
GG
54%
GOR
54%
GS
54%
ICA
54%
IME
54%
LOR
54%
LUT
54%
MU
54%
NN
54%
OLI
54%
PLE
54%
RDS
54%
REW
54%
SU
54%
TL
54%
TS
54%
UGE
54%
UR
54%
WA
54%
ZO
54%
CKY
53%
DOS
53%
DUR
53%
ERA
53%
LED
53%
MIT
53%
MS
53%
UB
53%
APT
52%
BOL
52%
BR
52%
CO
52%
EDE
52%
NAR
52%
OM
52%
OVE
52%
OZ
52%
PEA
52%
RER
52%
TAS
52%
YM
52%
YR
52%
YU
52%
ABI
50%
ANA
50%
AS
50%
ATI
50%
DOR
50%
DY
50%
EB
50%
EM
50%
ENI
50%
HEL
50%
HS
50%
IAN
50%
INN
50%
IPS
50%
MI
50%
NDY
50%
OTA
50%
RF
50%
RUS
50%
SE
50%
SM
50%
SPA
50%
STO
50%
TAP
50%
TC
50%
TER
50%
UA
50%
UF
50%
WED
50%
XI
50%
KEN
49%
AGG
48%
ARI
48%
AX
48%
BOS
48%
EK
48%
HI
48%
IB
48%
NC
48%
NDS
48%
OUR
48%
RS
48%
TC
48%
TH
48%
UK
48%
YED
48%
YL
48%
YT
48%
BUN
47%
NNA
47%
ONG
47%
UBS
47%
ARA
46%
ETS
46%
IT
46%
KR
46%
MPY
46%
UG
46%
UO
46%
APA
45%
ATT
45%
EB
45%
HS
45%
ICH
45%
NOS
45%
OKS
45%
CH
44%
EMA
44%
OOE
44%
OZE
44%
RH
44%
SI
44%
AO
43%
ELS
43%
ERI
43%
EWE
43%
KU
43%
MM
43%
MM
43%
RRS
43%
TIS
43%
VIN
43%
WY
43%
INA
42%
LED
42%
AVE
41%
NTO
40%
YIN
40%
KH
39%
ABA
38%
AE
38%
ATA
38%
CS
38%
DL
38%
IRR
38%
BE
37%
VU
37%
EO
36%
PIS
36%
AE
34%
EG
34%
AH
33%
URA
33%
YN
33%
AH
32%
AZ
32%
CI
32%
IAS
32%
MIA
29%
ORI
26%
TOS
25%
YC
23%
AA
15%
DH
13%
OH
12%
No matching quizzes found
Score Distribution
Percent of People with Each Score
Percentile by Number Answered
Your Score History
You have not taken this quiz